English for journalists / (Record no. 1213)
| 000 -LEADER | |
|---|---|
| fixed length control field | 00893nam a22002538i 4500 |
| 001 - CONTROL NUMBER | |
| control field | 17629774 |
| 003 - CONTROL NUMBER IDENTIFIER | |
| control field | OSt |
| 005 - DATE AND TIME OF LATEST TRANSACTION | |
| control field | 20140116120848.0 |
| 008 - FIXED-LENGTH DATA ELEMENTS--GENERAL INFORMATION | |
| fixed length control field | 130219s2013 nyu 001 0 eng |
| 010 ## - LIBRARY OF CONGRESS CONTROL NUMBER | |
| LC control number | 2013000793 |
| 020 ## - INTERNATIONAL STANDARD BOOK NUMBER | |
| International Standard Book Number | 9780415661720 |
| 050 00 - LIBRARY OF CONGRESS CALL NUMBER | |
| Classification number | PE1112.H53 2013 |
| 100 1# - MAIN ENTRY--PERSONAL NAME | |
| Personal name | Hicks, Wynford, |
| Dates associated with a name | 1942- |
| 245 10 - TITLE STATEMENT | |
| Title | English for journalists / |
| Statement of responsibility, etc | Wynford Hicks. |
| 250 ## - EDITION STATEMENT | |
| Edition statement | Twentieth Anniversary edition. |
| 260 ## - PUBLICATION, DISTRIBUTION, ETC. (IMPRINT) | |
| Place of publication, distribution, etc | London; |
| -- | New York; |
| Name of publisher, distributor, etc | Routledge, |
| Date of publication, distribution, etc | 2013. |
| 300 ## - PHYSICAL DESCRIPTION | |
| Extent | 197p. |
| 490 0# - SERIES STATEMENT | |
| Series statement | Media Skills |
| 500 ## - GENERAL NOTE | |
| General note | Includes index. |
| 505 ## - FORMATTED CONTENTS NOTE | |
| Formatted contents note | What kind of English? -- Grammar: the rules ; Grammar: 10 common mistakes; Grammar: problems and confusions -- Spelling -- Punctuation -- Reporting speech -- Style -- Words -- Foreign words . |
| 650 #0 - SUBJECT ADDED ENTRY--TOPICAL TERM | |
| Topical term or geographic name as entry element | English language |
| General subdivision | Grammar |
| Form subdivision | Handbooks, manuals, etc. |
| 650 #0 - SUBJECT ADDED ENTRY--TOPICAL TERM | |
| Topical term or geographic name as entry element | Journalism |
| Form subdivision | Style manuals. |
| 942 ## - ADDED ENTRY ELEMENTS (KOHA) | |
| Source of classification or shelving scheme | |
| Koha item type | Book |
| Withdrawn status | Lost status | Source of classification or shelving scheme | Damaged status | Not for loan | Home library | Current library | Date acquired | Total Checkouts | Total Renewals | Full call number | Barcode | Date last seen | Date checked out | Copy number | Price effective from | Koha item type | Public note |
|---|---|---|---|---|---|---|---|---|---|---|---|---|---|---|---|---|---|
| Riara University Library | Riara University Library | 05/09/2013 | 12 | 1 | PE1112.H53 2013 | 4312/13 | 15/04/2021 | 12/03/2021 | C.1 | 05/09/2013 | Book | ||||||
| Riara University Library | Riara University Library | 05/09/2013 | 9 | 3 | PE1112.H53 2013 | 4313/13 | 22/07/2022 | 13/06/2022 | C.2 | 05/09/2013 | Book | Lost Book | |||||
| Riara University Library | Riara University Library | 05/09/2013 | 7 | PE1112.H53 2013 | 4314/13 | 20/03/2017 | 13/03/2017 | C.3 | 05/09/2013 | Book |
